00387cam a22001217a 4500008004000000020001500040082002200055100001600077245008800093260005000181300000900231650002500240180718b1975 xxu||||| |||| 00| 0 eng d a0210406518 aA99 Sh86 J776 c.2 aJoshi, Arun aLala Shri Ram: a study in entrepreneurship and industrial managementcby Arun Joshi aNew DelhibShri Ram Memorial Foundationc1975 a432p aShri Ram, 1884-1963.